000 00279nam a22001217a 4500
008 180730b xxu||||| |||| 00| 0 eng d
082 _a813.52
245 _aInteractive Physiology
_cCummings,B
260 _c2008
300 _a2
_fCD
440 _x9780321506825
942 _2ddc
_cMX
999 _c46656
_d46656